Problemes d'ecologie: structure et fonctionnement des ecosystemes limniques

Saved in:
Bibliografiske detaljer
Main Authors: Lamotte, M (Author), Bourliere, F (Author)
Format: Bog
Sprog:fransk
Udgivet: París Masson 1983
Fag:
Tags: Tilføj Tag
Ingen Tags, Vær først til at tagge denne postø!

MARC

LEADER 00000nam a2200000 a 4500
001 UCY2703
003 CL-VaPUC
008 941111e19830000FR |||||||||||||||||fre|d
082 0 4 |a 551.48  |b LAM  |2 21 
100 |a Lamotte, M  |e author  |9 374642 
700 0 |a Bourliere, F  |e author  |9 330778 
245 1 0 |a Problemes d'ecologie: structure et fonctionnement des ecosystemes limniques 
300 |a 254 p 
942 |c BK 
945 |d 19941111 00:00:00  |a mfernand 
260 |a París  |b Masson  |c 1983 
650 7 |a LIMNOLOGIA  |2 CL-VaPUC  |9 261208 
650 0 |a Ecosistemas  |9 261477 
583 |a last modification  |c 19941111 00:00:00  |k Rodrigo Vera 
999 |c 231042  |d 231040